000 00602cab a2200229 4500
001 X1092
008 090401t1993 xxu||||| |||| 00| 0 eng d
035 _a(Sirsi) u14650
041 _aeng
245 _aThreat or opportunity?
260 _c1993
350 _a0
490 _aCS Monthly
_bthe Building Surveyor
_v3(2) October 1993, 1(1)
650 _aBEBCE
650 _aBUILDING MANAGEMENT
650 _aBUREAN OF EUROPEAN BUILDING CONSULTANTS AND EXPERTS
650 _aMIXED PRACTICES
650 _aQUANITY SURVEYORS
690 _aEUROPE-SINGLE MARKET
942 _n0
948 _c04/03/1997
999 _c9559
_d9559